000 00849nam a2200253Ia 4500
003 OSt
005 20220926022611.0
006 a|||||r|||| 00| 0
007 ta
008 220923b |||||||| |||| 00| 0 eng d
037 _cGeneral Book
040 _aRTL
_cRTL
_beng
041 _2eng
_aeng
082 _aX 9(D55), L6/UN
110 _aUnited Nations Economic Commission for Europe Water Problems (Committee on --) (USA)
_9328061
245 0 _aPrinciples and methods for the provision of econom
260 _aNew York
_bUnited Nations USA
_c1976
300 _a24p.
_ccm.
500 _aSales No.:E.76.11.E.25
650 _aElectrical
700 _aUnited Nations Economic Commission for Europe Water Problems (Committee on --) (USA)
_9328062
942 _hX 9(D55), L6/UN
_cGB
_2CC
999 _c639872
_d639872